Amplío la matemática: Cuaderno-ficha, segundo curso, EGB

Guardado en:
Detalles Bibliográficos
Autor principal: Aizpun, Alberto
Formato: Libro
Lenguaje:español
Publicado: Barcelona Vicens-vives 1971
Edición:
Catálogo:MANES:  Resultados de Búsqueda del Catálogo
Clasificación de libros de texto:
Etiquetas: Agregar Etiqueta
Sin Etiquetas, Sea el primero en etiquetar este registro!
Añadido a:2020-11-19
Cambiado en:2025-05-07

MARC

LEADER 00000nam a22000007a 4500
005 20250507133414.0
008 201120b ||||| |||| 00| 0 spa d
561 |5 es-CICE  |3 FMa/M195  |a España. Centro Internacional de la Cultura Escolar  |k MANES 
999 |c 91043  |d 91043 
040 |a centro_manes  |c Centro-internacional de la cultura escolar 
100 |9 33558  |a Aizpun, Alberto 
245 |a Amplío la matemática: Cuaderno-ficha, segundo curso, EGB 
250 |a 1ª 
260 |a Barcelona  |b Vicens-vives  |c 1971 
300 |a 62 p.  |c 26.5 x 19 cm. 
500 |a Contiene ilustraciones a dos tintas y ejercicios para el alumno 
546 |a España 
690 0 |a MATE 
691 0 |a PRI 
942 |2 ddc  |c BK 
999 |c manes:91043  |d 91043